<?xml version="1.0" encoding="UTF-8"?>
<record
    xmlns:xsi="http://www.w3.org/2001/XMLSchema-instance"
    xsi:schemaLocation="http://www.loc.gov/MARC21/slim http://www.loc.gov/standards/marcxml/schema/MARC21slim.xsd"
    xmlns="http://www.loc.gov/MARC21/slim">

  <leader>00746nam a2200241 a 4500</leader>
  <datafield tag="999" ind1=" " ind2=" ">
    <subfield code="c">3054</subfield>
    <subfield code="d">3054</subfield>
  </datafield>
  <controlfield tag="005">20200521112915.0</controlfield>
  <controlfield tag="008">140307b1990    ck ||||| |||| 00| 0 spa d</controlfield>
  <datafield tag="040" ind1=" " ind2=" ">
    <subfield code="a">CO-BoIAVH</subfield>
    <subfield code="c">CO-BoIAVH</subfield>
  </datafield>
  <datafield tag="041" ind1=" " ind2=" ">
    <subfield code="a">spa</subfield>
  </datafield>
  <datafield tag="044" ind1=" " ind2=" ">
    <subfield code="a">ck</subfield>
  </datafield>
  <datafield tag="082" ind1=" " ind2=" ">
    <subfield code="a">664.805</subfield>
  </datafield>
  <datafield tag="090" ind1=" " ind2=" ">
    <subfield code="a">LB</subfield>
    <subfield code="b">02819</subfield>
  </datafield>
  <datafield tag="110" ind1=" " ind2=" ">
    <subfield code="b">Area Metropolitana del Valle de Aburr&#xE1;</subfield>
    <subfield code="9">103065</subfield>
  </datafield>
  <datafield tag="245" ind1=" " ind2=" ">
    <subfield code="a">Nuevas especies vegetales</subfield>
  </datafield>
  <datafield tag="260" ind1=" " ind2=" ">
    <subfield code="a">Medell&#xED;n</subfield>
    <subfield code="b">Area Metropolitana del Valle de Aburr&#xE1;</subfield>
    <subfield code="c">1990?</subfield>
  </datafield>
  <datafield tag="300" ind1=" " ind2=" ">
    <subfield code="a">5 p.</subfield>
  </datafield>
  <datafield tag="650" ind1=" " ind2=" ">
    <subfield code="a">Taxonom&#xED;a vegetal</subfield>
    <subfield code="9">103066</subfield>
  </datafield>
  <datafield tag="650" ind1=" " ind2=" ">
    <subfield code="a">Especies vegetales</subfield>
    <subfield code="9">103067</subfield>
  </datafield>
  <datafield tag="650" ind1=" " ind2=" ">
    <subfield code="a">Especies nuevas</subfield>
    <subfield code="9">13627</subfield>
  </datafield>
  <datafield tag="662" ind1=" " ind2=" ">
    <subfield code="a">Colombia</subfield>
    <subfield code="c">Vereda Potreritos</subfield>
    <subfield code="d">Medell&#xED;n</subfield>
    <subfield code="b">Antioquia</subfield>
  </datafield>
  <datafield tag="662" ind1=" " ind2=" ">
    <subfield code="a">Colombia</subfield>
    <subfield code="c">Vereda Aguas fr&#xED;as</subfield>
    <subfield code="d">Medell&#xED;n</subfield>
    <subfield code="b">Antioquia</subfield>
  </datafield>
  <datafield tag="942" ind1=" " ind2=" ">
    <subfield code="c">LIBRO</subfield>
    <subfield code="2">z</subfield>
  </datafield>
  <datafield tag="952" ind1=" " ind2=" ">
    <subfield code="0">0</subfield>
    <subfield code="1">0</subfield>
    <subfield code="2">z</subfield>
    <subfield code="4">0</subfield>
    <subfield code="7">0</subfield>
    <subfield code="8">GENERAL</subfield>
    <subfield code="a">Villa</subfield>
    <subfield code="b">Villa</subfield>
    <subfield code="d">2003-02-25</subfield>
    <subfield code="e">Biocomercio</subfield>
    <subfield code="l">0</subfield>
    <subfield code="o">LB-02819</subfield>
    <subfield code="p">005086</subfield>
    <subfield code="r">2012-12-04 00:00:00</subfield>
    <subfield code="t">Ej. 1</subfield>
    <subfield code="w">2012-12-04</subfield>
    <subfield code="y">Folleto</subfield>
  </datafield>
</record>
